| 000 | 00386cam a2200169 4500 | ||
|---|---|---|---|
| 001 | D13440 | ||
| 008 | 090401t1912 xxu||||| |||| 00| 0 eng d | ||
| 035 | _a(Sirsi) u9798 | ||
| 041 | _aeng | ||
| 100 | _aMillard, P.W. | ||
| 245 | 4 | _aThe law relating to tithe rentcharge... | |
| 260 |
_bButterworth _c1912 |
||
| 350 | _a0 | ||
| 520 | _aShelf 132 | ||
| 942 | _n0 | ||
| 948 | _c04/03/1997 | ||
| 999 |
_c86668 _d86668 |
||